| 000 | 00810cam a22002653a 4500 | ||
|---|---|---|---|
| 001 | 1901 | ||
| 003 | PGUSA | ||
| 005 | 20140828083007.0 | ||
| 008 | 990901s1999||||xxu|||||s|||||000 | eng d | ||
| 040 |
_aPGUSA _beng |
||
| 042 | _adc | ||
| 050 | 4 | _aQL | |
| 100 | 1 |
_aLong, William J. _q(William Joseph), _d1867-1952 |
|
| 245 | 1 | 0 |
_aSecrets of the Woods _h[electronic resource] / _cWilliam J. Long |
| 260 |
_bProject Gutenberg, _c1999 |
||
| 500 | _aWood Folk Series, Book Three | ||
| 506 | _aPublic domain in the USA. | ||
| 516 | _aElectronic text | ||
| 653 | _aZoology -- Juvenile literature | ||
| 653 | _aNatural history -- Juvenile literature | ||
| 653 | _aAnimal behavior -- Juvenile literature | ||
| 830 | 0 |
_aProject Gutenberg _v1901 |
|
| 856 | 4 | 0 | _uhttp://www.gutenberg.org/ebooks/1901 |
| 942 | _cEB | ||
| 999 |
_c231244 _d231244 |
||